Seven puzzling Bible books. (Record no. 3808)

000 -LEADER
fixed length control field 00594nam a2200181 a 4500
001 - CONTROL NUMBER
control field :::00001543$&:&@@
003 - CONTROL NUMBER IDENTIFIER
control field OkBaRHE
005 - DATE AND TIME OF LATEST TRANSACTION
control field 20000607103244.0
008 - FIXED-LENGTH DATA ELEMENTS--GENERAL INFORMATION
fixed length control field s1897 j 000 0 eng u
040 ## - CATALOGING SOURCE
Transcribing agency
100 1# - MAIN ENTRY--PERSONAL NAME
Personal name Gladden, Washington, 1836-1918.
245 10 - TITLE STATEMENT
Title Seven puzzling Bible books.
Statement of responsibility, etc A supplement to "Who wrote the Bible?"
260 ## - PUBLICATION, DISTRIBUTION, ETC. (IMPRINT)
Place of publication, distribution, etc Boston, MA., :
Name of publisher, distributor, etc Houghton, Mifflin and Company
Date of publication, distribution, etc c1897
300 ## - PHYSICAL DESCRIPTION
Extent 267 p. ;
Dimensions 18 cm.
650 ## - SUBJECT ADDED ENTRY--TOPICAL TERM
Topical term or geographic name as entry element Bible
General subdivision Study
942 ## - ADDED ENTRY ELEMENTS (KOHA)
Source of classification or shelving scheme
Koha item type Books
Copies
Date acquired Koha item type Damaged status Withdrawn status Source of classification or shelving scheme Price effective from Barcode Copy number Full call number Shelving location Not for loan Permanent Location Date last seen Lost status
2010-04-14Books   2010-04-1415431BS 600 .G585General Stacks RHEMA Bible Training College2010-04-14